000 00573nam a2200241 a 4500
001 nice12345678
003 IN_TiNIC
005 20260116011842.0
008 050524s1957 lona grp 000 0 eng
020 _a
_c100
082 0 0 _a242
_bHAY
100 _aHayman, Eric
245 _aDisciplines of the Spiritual Life
260 _aLondon
_bSpck
_c1957
300 _a59p
500 _aincludes index and biblioraphy
505 2 _aIndex and Maps
650 _aMeditation-Christianity
700 1 _aHayman, Eric
902 _bSRS
942 _cBK
999 _c4456
_d4456